Logo BPK

Biblioteka

Politechniki Koszalińskiej

Spółki z ograniczoną odpowiedzialnością : (Rekord nr 32970)

Szczegóły MARC
000 -ETYKIETA REKORDU
podpole kontrolne o stałej długości 00823nam a2200229 i 4500
001 - NUMER KONTROLNY REKORDU
pole kontrolne bg
020 ## - MIĘDZYNARODOWY ZNORMALIZOWANY NUMER KSIĄŻKI - ISBN
ISBN 8390016230
040 ## - ŹRÓDŁO KATALOGOWANIA
Instytucja, która utworzyła rekord BPK
041 0# - KOD JĘZYKA
Kod języka tekstu pl
080 ## - UNIWERSALNA KLASYFIKACJA DZIESIĘTNA - UKD
UKD 347.724(438)
920 ## - Międzynarodowy znormalizowany numer książki – ISBN
ISBN 83-900162-3-0
008 - POLE O STAŁEJ DŁUGOŚCI - DANE KONTROLNE
podpole kontrolne o stałej długości s pl f |000 0 pol
100 1# - NAZWA OSOBOWA
Nazwa osobowa TOMKIEWICZ, Juljan
245 10 - TYTUŁ/ODPOWIEDZIALNOŚĆ
Tytuł Spółki z ograniczoną odpowiedzialnością :
Ciąg dalszy tytułu kodeks handlowy Art. /
Pozostałe elementy strefy tytułu i oznaczenia odpowiedzialności oprac. Julian Tomkiewicz, Józef Bloch
Oznaczenie części/sekcji dzieła 158-306 i 491-497,
Tytuł części/sekcji dzieła komentarz wraz z uzasadnieniem Komisji Kodyfikacyjnej i orzecznictwem.
260 ## - STREFA ADRESU WYDAWNICZEGO
Miejsce wydania Warszawa :
Nazwa wydawcy/dystrybutora Sezam,
Data publikacji, dystrybucji/powstania dokumentu 1996.
300 ## - STREFA OPISU FIZYCZNEGO
Objętość XII, [2], 322 s. ;
Rozmiary 21 cm.
500 ## - UWAGI OGÓLNE
Tekst uwagi Wyd. offsetowe, oryg.: Warszawa : nakł. Księgarni F. Hoesicka, 1934.
504 ## - UWAGA DOTYCZĄCA BIBLIOGRAFII
Informacje o bibliografii Indeks.
650 #9 - HASŁO PRZEDMIOTOWE W FORMIE NAZWY OGÓLNEJ LUB JEDNOSTKOWEJ
Nazwa ogólna lub geograficzna Spółki z ograniczoną odpowiedzialnością
Określnik ogólny prawo
Określnik geograficzny Polska
700 1# - HASŁO DODATKOWE - NAZWA OSOBOWA
Nazwa osobowa BLOCH, Józef
856 ## - LOKALIZACJA I DOSTĘP DO ELEKTRONICZNYCH DOKUMENTÓW ZDALNYCH
Link (URL) http://koha.tu.koszalin.pl/cgi-bin/koha/opac-detail.pl?biblionumber=32970
Tekst linku Katalog online BPK
942 ## - DODATKOWE ELEMENTY (KOHA)
Typ dokumentu Książka
Egzemplarze
Wycofany Status egzemplarza Uszkodzony Dostępność Lokalizacja stała Lokalizacja bieżąca Miejsce przechowywania Sygnatura Kod kreskowy Typ dokumentu
      Tylko na miejscu Biblioteka Politechniki Koszalińskiej Biblioteka Politechniki Koszalińskiej Czytelnia Wydziałowa ul. Kwiatkowskiego 6e 42681 01315639 Książka
© 2023 Biblioteka Politechniki Koszalińskiej :: KOHA